header

The employment contract and the changed world of work (Record no. 228207)

MARC details
000 -LEADER
fixed length control field 01640nam a22003734a 4500
082 04 - DEWEY DECIMAL CLASSIFICATION NUMBER
Classification number 344.01/891
100 1# - MAIN ENTRY--AUTHOR NAME
Personal name Vettori, Stella.
245 14 - TITLE STATEMENT
Title The employment contract and the changed world of work
260 ## - PUBLICATION, DISTRIBUTION, ETC. (IMPRINT)
Place of publication Burlington, VT :
Name of publisher Ashgate Pub.,
Year of publication c2007.
300 ## - PHYSICAL DESCRIPTION
Number of Pages ix, 198 p.
490 1# - SERIES STATEMENT
Series statement Corporate social responsibility series
500 ## - GENERAL NOTE
General note Includes bibliographical references ( p. 187-193) and index.
505 0# - FORMATTED CONTENTS NOTE
Formatted contents note A new role for the contract of employment -- Good faith as underlying principle of contract -- The bases for the implication on terms -- Sources of implied terms -- Fairness in the contract of employment -- Atypical employees.
650 #0 - SUBJECT ADDED ENTRY--TOPICAL TERM
Topical Term Labor contract.
Topical Term Good faith (Law)
Topical Term Standardized terms of contract.
Topical Term Corporate governance.
856 40 - ELECTRONIC LOCATION AND ACCESS
Uniform Resource Identifier http://site.ebrary.com/lib/rucke/Doc?id=10211457

No items available.

© 2026 Rongo University
Contact us: librarian | system librarian | Rongo university